00406nam a2200121Ia 45000010005000000080041000050820023000461000065000692450087001342600021002219010027002429990015002691337241024s9999 xx 000 0 und d aRD/027.625/R426l/3 aRepública Dominicana.Secretaría de Estado de Educación 0aLudotecas, Guía para desarrollo la Expresión Creativa en Espacios Comunitarios bEd. Tele-3c2000 a23/3/2011 8:53:49 a.m. c9977d9977